00846nam a2200229 a 450000100100000000500170001000800410002704000250006808200190009310000370011224500570014926000360020630000310024259000270027365000280030065100580032865000280038665000310041491000370044595201170048299900170059900001193520240530073931.0091102s1981 dr c 000 m spa d aDO-SdBNPbspacBNPHU aRD864.44bJ61d1 aJiménez Bélen, José92821613aEl dominicano por fuera /cJosé Jiménez Bélen. aSanto Domingo :bLozano,c1981. a100 p. :bretrs. ;c21 cm. aInventariado, 2019/MFF 0aEnsayos dominicanos965 4aRepública DominicanaxVida Social Y Costumbres9405 0aPoesía dominicana966 0aLiteratura dominicana.967 aValidado. Control de calidad MFF 0010718PDaPDbPDcHDd2009-11-02iLF1l0oRD864.44 J61dp11935-10r2020-06-25w2020-06-25yLFPDZNo se presta c11605d11605